| 000 | 00816nam a22002777a 4500 | ||
|---|---|---|---|
| 003 | CHAP | ||
| 005 | 20220329133925.0 | ||
| 008 | 971013s1980 r 00010 d | ||
| 010 | _a12744 | ||
| 011 | _a13716 | ||
| 035 | _a17788 | ||
| 040 | _cCHAP | ||
| 082 |
_a550.3 _bG5 1980 |
||
| 245 | _aGlossary of geology | ||
| 250 | _a2 ed. | ||
| 260 |
_aChurch, Va. : _bAmerican Geological Institute, _c1980 |
||
| 300 | _a751 p. | ||
| 590 |
_aBATCH-UPD _b10 _c20130110 _lUCH01 _h2307 |
||
| 590 |
_aBATCH-UPD _b10 _c20130410 _lUCH01 _h1559 |
||
| 590 |
_aBATCH-UPD _b10 _c20130914 _lUCH01 _h1538 |
||
| 590 |
_aCONVERSION _b10 _c20130109 _lUCH01 _h1308 |
||
| 650 | 1 | 4 |
_aGeologĂa _xDiccionarios. _947619 |
| 901 | _aBK | ||
| 942 | _cLIBRO | ||
| 949 |
_a550.3 G5 1980 _bBC _cC _d33724000515698 _eC _gI.123519 _h63401 _i17788 _si _t11515.76 |
||
| 999 |
_c12744 _d12744 |
||